000 00651nam a2200253Ia 4500
003 OSt
005 20221005122606.0
006 a|||||r|||| 00| 0
007 ta
008 221004b |||||||| |||| 00| 0 sat d
024 _a47483
037 _cTextual
040 _aCRL
_cCRL
_bsat
041 _2sat
_asat
082 _aO15,2D40x, 31K5
100 _aPulavar Ramasami Au.
_9632235
245 0 _aKalidasarin nadagakkadaigal
260 _c1965
300 _a88p.
_ccm.
650 _a SANSKRIT LITERATURE
650 _aKALIDAS
942 _hO15,2D40x, 31K5
_cTEXL
_2cc
999 _c1044753
_d1044753